1446 1494 1051 1295 1183 1551 1224 1816 1886 1174 1940 1837 1008 1769 1994 1322 1490 1555 1248 1316 1140 1940 1127 1591 1290 1356 1132 1453 1083 1139 1244 1516 1277 1275 1922 1956 1459 1428 1651 1598 1785 1170 1146 1058 1846 1306 1659 1824 1894 1461 1691 1878 1312 1735 1324 1905 1287 1027 1700 1664 1284 1634 1793 1880 1558 1502 1758 1398 1685 1034 1466 1119 1014 1186 1232 1259 1820 1459 1352 1299 1680 1158 1180 1508 1689 1876 1482 1907 1141 1211 1943 1890 1363 1375 1688 1625 1475 1805 1338 BCNSPRNW ULIB Ver.6.0+V

เปลี่ยนเป็นภาษาไทย

Change to English
 แสดงรายละเอียดบรรณานุกรม
  กลับหน้าหลัก

Brief Record : Get Marc (ISO 2709) : E-mail record : QR code < ปิดหน้าต่าง
LEADER : 00000nam 2200000uu 4500
001    13399129201
003     ULIB
008    260511s2568||||th 000 0 tha d
020    ^a9789740343677
060  4 ^aWY106^bป221ก
100    ^aปาหนัน กนกวงศ์นุวัฒน์.
245 1  ^aการบริหารโครงการในชุมชน กลยุทธ์ที่ท้าทายของพยาบาล /^cปาหนัน กนกวงศ์นุวัฒน์.
246 3  ^aกลยุทธ์ที่ท้าทายของพยาบาล
250    ^aพิมพ์ครั้งที่ 2.
260    ^aกรุงเทพฯ :^bสำนักพิมพ์จุฬาลงกรณ์มหาวิทยาลัย, ^c2568.
300    ^a109 หน้า :^bภาพประกอบ ;^c26 ซม.
505 0  ^aบทที่ 1 บทบาทของพยาบาลชุมชนในระบบสุขภาพ -- บทที่ 2 กระบวนการพยาบาลชุมชน -- บทที่ 3 การวางแผนกลยุทธ์และการบริหารโครงการ -- บทที่ 4 การประเมินผลโครงการ -- บทที่ 5 กรณีศึกษา : การบริหารโครงการในชุมชน.
505 0  ^aบทบาทของพยาบาลชุมชนในระบบสุขภาพ -- กระบวนการพยาบาลชุมชน -- การวางแผนกลยุทธ์และการบริหารโครงการ -- การประเมินผลโครงการ -- กรณีศึกษา : การบริหารโครงการในชุมชน
505 2  ^aแนวคิดระบบสุขภาพและระบบสุขภาพชุมชน : ยุทธศาสตร์ชาติ 20 ปี ; ระบบสุขภาพของประเทศไทย ; ระบบสุขภาพชุมชน ; โครงสร้างชุมชน ; การพยาบาลชุมชน ; บทบาทและหน้าที่ของพยาบาลชุมชน -- กระบวนการพยาบาลชุมชน : การประเมินชุมชน ; การวินิจฉัยชุมชน ; การวางแผนเพื่อแก้ไขปัญหาชุมชน ; การปฏิบัติตามแผนสุขภาพชุมชน -- การวางแผนกลยุทธ์และการบริหารโครงการ : การวางแผนกลยุทธ์ ; การบริหารโครงการ ; การควบคุมคุณภาพโครงการ ; ดัชนีชี้วัดความสำเร็จ -- การประเมินผลโครงการ : การประเมินผลโดยใช้ CIPP model ; การประเมินผลโดยใช้ Balance Scorecard -- กรณีศึกษา การบริหารโครงการในชุมชน : นโยบายระดับกระทรวง ; ยุทธศาสตร์มหาวิทยาลัยราภัฎ 20 ปี ; ยุทธศาสตร์ที่ 1 การพัฒนาท้องถิ่น ; โครงการหลักของยุทธศาสตร์ที่ 1 การพัฒนาท้องถิ่น ; โครงการส่งเสริมการออกกำลังกายสำหรับผู้สูงอายุ ตำบลเขาวงกต ; การประเมินผลโครงการ
505 2  ^a^tแนวคิดระบบสุขภาพและระบบสุขภาพชุมชน -- กระบวนการพยาบาลชุมชน -- การวางแผนกลยุทธ์และการบริหารโครงการ -- การประเมินผลโครงการ -- กรณีศึกษา : การบริหารโครงการในชุมชน.
650  4 ^aอนามัยชุมชน.
650  7 ^aการบริหารโครงการ
650  7 ^aการพยาบาล
650  7 ^aการพยาบาลสาธารณสุข
650  7 ^aการพยาบาลอนามัยชุมชน^xการบริหาร
650  7 ^aชุมชน
650  7 ^aบริการอนามัยชุมชน^xการบริหาร
650 0  ^aการพยาบาลอนามัยชุมชน.
650 0  ^aบริการอนามัยชุมชน.
651    ^aการพยาบาลอนามัยชุมชน.
655  4 ^aHealth Sciences Branch.
658    ^aคณะพยาบาลศาสตร์.
658    ^aคณะวิทยาศาสตร์และเทคโนโลยี. ^bสาขาวิชาสาธารณสุขศาสตร์.
999    ^aประนอม เกษจรัล
รายการนี้ยังไม่มีแท็ก
คุณยังไม่ได้ล็อกอิน คุณสามารถมีกิจกรรมร่วมกับเว็บไซต์ได้ แต่ต้องล็อกอินก่อน ::
  ล็อกอิน

รายการสื่อสารสนเทศ

ลำดับที่ ประเภท เลขเรียก/บาร์โค้ด สถานที่ สถานะ
1. Book การพยาบาล
หนังสือสำรอง
สถานะ=หนังสือสำรอง
WY106 ป221ก ฉ.1 
  Barcode: 012138
ห้องสมุดวิทยาเขตสวรรค์ประชารักษ์
►หนังสือทั่วไป
บนชั้น
2. Book การพยาบาล
Book การพยาบาล
WY106 ป221ก ฉ.2 
  Barcode: 012139
ห้องสมุดวิทยาเขตสวรรค์ประชารักษ์
►หนังสือทั่วไป
บนชั้น
3. Book การพยาบาล
Book การพยาบาล
WY106 ป221ก ฉ.3 
  Barcode: 012140
ห้องสมุดวิทยาเขตสวรรค์ประชารักษ์
►หนังสือทั่วไป
บนชั้น
4. Book การพยาบาล
Book การพยาบาล
WY106 ป221ก ฉ.4 
  Barcode: 012141
ห้องสมุดวิทยาเขตสวรรค์ประชารักษ์
►หนังสือทั่วไป
บนชั้น
5. Book การพยาบาล
Book การพยาบาล
WY106 ป221ก ฉ.5 
  Barcode: 012142
ห้องสมุดวิทยาเขตสวรรค์ประชารักษ์
►หนังสือทั่วไป
บนชั้น

รายการใกล้เคียง
    ผู้แต่ง [ปาหนัน กนกวงศ์นุวัฒน์.]

    หัวเรื่อง [อนามัยชุมชน.]
    หัวเรื่อง [การบริหารโครงการ]
    หัวเรื่อง [การพยาบาล]
    หัวเรื่อง [การพยาบาลสาธารณสุข]
    หัวเรื่อง [ชุมชน]
    หัวเรื่อง [การพยาบาลอนามัยชุมชน.]
    หัวเรื่อง [บริการอนามัยชุมชน.]

BibComment


ยังไม่เคยถูกคอมเมนท์

คอมเมนท์ทรัพยากรรายการนี้
  คอมเมนท์: การบริหารโครงการ..


 Copyright 2026. Bcnsprnw @Library